| 000 | 00000nam##2200000za#4500 |
| 001 | 9.574630 |
| 003 | CaOODSP |
| 005 | 20210624184258 |
| 007 | cr ||||||||||| |
| 008 | 150406|2009||||xxc|||||o f|0| 0 eng|d |
| 040 | |aCaOODSP|beng |
| 043 | |an-cn--- |
| 086 | 1 |aTU3-7/09-0073E-PDF |
| 110 | 2 |aTransportation Safety Board of Canada. |
| 245 | 10|aTaking on water and sinking - small fishing vessel Pubnico Explorer 11 nm southwest of Cape St. Marys, Nova Scotia 16 December 2009 |h[electronic resource] |
| 260 | |aOttawa - Ontario : |bTransportation Safety Board of Canada |c[2010]. |
| 300 | |a15p.|bfigs., photographs |
| 490 | 1 |aMarine investigation report |vM09M0073 |
| 590 | |a12-32-Supp|b2012-07-11 |
| 775 | 08|tEnvahissement et naufrage du petit bateau de pêche Pubnico Explorer à 11 milles marin au sud-ouest de Cape St. Marys (Nouvelle-Écosse) le 16 décembre 2009 |w(CaOODSP)9.604365 |
| 830 | #0|aMarine investigation report ;|vM09M0073|w(CaOODSP)9.504867 |
| 856 | 40|ahttp://publications.gc.ca|qPDF|s815 KB|uhttps://publications.gc.ca/collections/collection_2012/bst-tsb/TU3-7-09-0073-eng.pdf|yM09M0073 |